<?xml version="1.0" encoding="UTF-8"?>
<resp>
  <nextPage>https://data.bn.org.pl/api/networks/bibs.marcxml?marc=001+b0000080129910&amp;sinceId=80129911</nextPage>
  <collection>
    <record xmlns='http://www.loc.gov/MARC21/slim'><leader>00721nam a2200205 i 4500</leader><controlfield tag='001'>b0000080129910</controlfield><controlfield tag='005'>20241203215040.2</controlfield><controlfield tag='008'>170407s2016    pl      r     010 0 pol d</controlfield><controlfield tag='009'>9912898655105606</controlfield><datafield ind1=' ' ind2=' ' tag='035'><subfield code='a'>990000343590107664-48omnis_network</subfield></datafield><datafield ind1=' ' ind2=' ' tag='035'><subfield code='a'>(Aleph)000034359EKS01</subfield></datafield><datafield ind1=' ' ind2=' ' tag='035'><subfield code='a'>(PL)b0000080129910</subfield></datafield><datafield ind1=' ' ind2=' ' tag='040'><subfield code='a'>SGH</subfield><subfield code='c'>SGH</subfield><subfield code='d'>SGH</subfield></datafield><datafield ind1='0' ind2=' ' tag='041'><subfield code='a'>pol</subfield></datafield><datafield ind1='1' ind2='0' tag='245'><subfield code='a'>XIII Kongres Finansowania Nieruchomości Mieszkaniowych „Narodowy Program Mieszkaniowy – szansa i wyzwanie dla rynku”, 24-25 listopada 2016 r. Hotel Holiday Inn, Józefów koło Warszawy.</subfield></datafield><datafield ind1=' ' ind2=' ' tag='380'><subfield code='a'>Artykuły</subfield></datafield><datafield ind1=' ' ind2=' ' tag='852'><subfield code='b'>48OMNIS_NETWORK</subfield><subfield code='8'>9912898655105606</subfield></datafield><datafield ind1=' ' ind2=' ' tag='852'><subfield code='b'>48OMNIS_WSE</subfield><subfield code='8'>990000343590107664</subfield></datafield></record>
  </collection>
</resp>
